Yeast Genetics.A Manual of Methods /
Guardado en:
| Autores principales: | , , |
|---|---|
| Formato: | Libro |
| Publicado: |
Berlin :
Springer Verlag,
1989
|
| Etiquetas: |
Sin Etiquetas, Sea el primero en etiquetar este registro!
|
MARC
| LEADER | 00000nam a22000003a 4500 | ||
|---|---|---|---|
| 001 | stu16553 | ||
| 005 | 20150617225759.0 | ||
| 008 | ------s1989----gw----------------------d | ||
| 040 | |a STU |b slo | ||
| 041 | 0 | ||
| 044 | |a gw | ||
| 080 | |a 663.12 |7 stu_us_auth*stu5095 | ||
| 100 | 1 | |a Spencer, John F.T |4 aut | |
| 245 | 1 | |a Yeast Genetics.A Manual of Methods / |c [aut.]Spencer,John F.T., Spencer,Dorothy M., Bruce,I.J | |
| 260 | |a Berlin : |b Springer Verlag, |c 1989 | ||
| 300 | |a 104 : |b Obr.,lit.,index | ||
| 700 | 1 | |a Spencer, Dorothy M |4 aut | |
| 700 | 1 | |a Bruce, I.J |4 aut | |
| 996 | |b C86852 |c C*86852 |l CCXV |s P |a 0 |w stu16553_0001 | ||